| 000 | 01028nas a2200337 4500 | ||
|---|---|---|---|
| 001 | BR2017000849 | ||
| 003 | BR-BrBNA | ||
| 005 | 20231205130856.0 | ||
| 007 | ta | ||
| 008 | 230509b bl.|||p| |||| 00| 00por d | ||
| 040 |
_aBR-BrBNA _bpor _cBiblioteca Nacional de Agricultura |
||
| 041 | _a(Pt) | ||
| 072 | _aE14; E16 | ||
| 100 | 1 | _aCosenza, D.N. | |
| 100 | 1 | _aOliveira Neto, S.N. de | |
| 100 | 1 | _aJacovin, L.A.G. | |
| 100 | 1 | _aRodrigues, C.R. | |
| 100 | 1 | _aRode, R. | |
| 100 | 1 | _aSoares, V.P. | |
| 100 | 1 | _aLeite, H.G. | |
| 245 | 1 | _aAvaliação econômica de projetos de sistemas agroflorestais | |
| 650 | _aANÁLISE ECONÔMICA | ||
| 650 | _aFLORESTA | ||
| 650 | _aAGRICULTURA | ||
| 650 | _aMEIO AMBIENTE | ||
| 650 | _aMERCADO | ||
| 773 | 0 |
_tPesquisa Florestal Brasileira (Brazil) _xISSN 1983-2605 _g(Oct-Dec 2016), v. 36(88) p. 527-536 _wBR2017000849 |
|
| 856 | 4 | 0 | _uhttp://pfb.cnpf.embrapa.br/pfb/index.php/pfb/article/view/1218/546 |
| 909 |
_a202311 _bLúcia _c55 _dLúcia Elande |
||
| 942 |
_2AGRIS _n0 _cANA |
||
| 999 |
_c251793 _d251793 |
||